Statistics for Biggest city, Second biggest city and Capital city of every Country Quiz

Click here to take the quiz!

General Stats

  • This quiz has been taken 411 times
    (283 since last reset)
  • The average score is 221 of 418

Answer Stats

Country___ CityCity% Correct
AustraliaBiggestSydney
95%
AfghanistanBiggestKabul
95%
ArgentinaBiggestBuenos Aires
94%
AustriaBiggestVienna
94%
AustraliaSecondMelbourne
94%
CanadaBiggestToronto
92%
AustraliaCapitalCanberra
92%
BelgiumCapitalBrussels
92%
FranceBiggestParis
91%
BrazilSecondRio de Janeiro
91%
United StatesBiggestNew York
90%
RussiaBiggestMoscow
90%
CubaSecondSantiago de Cuba
90%
CanadaCapitalOttawa
90%
DenmarkBiggestCopenhagen
90%
Dominican RepublicSecondSantiago de los Caballeros
90%
EgyptBiggestCairo
90%
FinlandBiggestHelsinki
90%
GermanyBiggestBerlin
90%
BrazilCapitalBrasília
90%
United KingdomBiggestLondon
90%
ChileBiggestSantiago
90%
PortugalSecondPorto
90%
ChinaSecondBeijing
90%
JapanBiggestTokyo
89%
IrelandBiggestDublin
89%
Czech RepublicBiggestPrague
89%
PortugalBiggestLisbon
89%
BrazilBiggestSão Paulo
89%
SwedenBiggestStockholm
89%
ItalyBiggestRome
89%
United StatesCapitalWashington D.C.
89%
NorwayBiggestOslo
89%
RussiaSecondSaint Petersburg
89%
AlgeriaBiggestAlgiers
89%
MexicoBiggestMexico City
89%
South KoreaBiggestSeoul
89%
Saint Vincent and the GrenadinesBiggestKingstown
88%
IndiaBiggestMumbai
88%
TurkeyBiggestIstanbul
88%
GreeceBiggestAthens
88%
BulgariaBiggestSofia
88%
SpainBiggestMadrid
88%
United StatesSecondLos Angeles
88%
UkraineBiggestKiev
88%
ColombiaBiggestBogotá
88%
IndiaCapitalNew Delhi
88%
JamaicaBiggestKingston
88%
IranBiggestTehran
88%
South AfricaCapitalBloemfontein, Cape Town & Pretoria
88%
PolandBiggestWarsaw
88%
BelarusBiggestMinsk
88%
PeruBiggestLima
88%
IsraelBiggestJerusalem
88%
TogoSecondKara
87%
HungaryBiggestBudapest
87%
Vatican CityBiggestVatican City
87%
IraqBiggestBaghdad
87%
South AfricaBiggestJohannesburg
87%
IcelandBiggestReykjavík
87%
ThailandBiggestBangkok
87%
CanadaSecondMontréal
87%
SingaporeBiggestSingapore
86%
CroatiaBiggestZagreb
86%
RomaniaBiggestBucharest
86%
New ZealandCapitalWellington
86%
ItalySecondMilan
86%
SpainSecondBarcelona
86%
PanamaBiggestPanama City
86%
NetherlandsBiggestAmsterdam
86%
IndonesiaBiggestJakarta
86%
LuxembourgBiggestLuxembourg
86%
AzerbaijanBiggestBaku
86%
BangladeshBiggestDhaka
86%
IsraelSecondTel Aviv
85%
CubaBiggestHavana
85%
SwitzerlandBiggestZürich
85%
PhilippinesBiggestManila
85%
TurkeySecondAnkara
85%
ChinaBiggestShanghai
85%
AlbaniaBiggestTirana
85%
United Arab EmiratesBiggestDubai
85%
VenezuelaSecondCaracas
84%
New ZealandBiggestAuckland
84%
United Arab EmiratesCapitalAbu Dhabi
84%
PakistanCapitalIslāmābād
84%
AndorraBiggestAndorra la Vella
84%
EstoniaBiggestTallinn
84%
NigeriaBiggestLagos
84%
SwitzerlandCapitalBern
84%
KenyaBiggestNairobi
84%
San MarinoCapitalSan Marino
84%
Bosnia and HerzegovinaBiggestSarajevo
84%
MonacoBiggestMonaco
84%
KuwaitCapitalKuwait City
84%
FranceSecondMarseille
83%
North KoreaBiggestPyongyang
83%
SyriaSecondDamascus
83%
GermanySecondHamburg
83%
QatarSecondDoha
83%
El SalvadorSecondSan Salvador
83%
IndiaSecondDelhi
83%
TunisiaBiggestTunis
83%
BoliviaCapitalSucre & La Paz
83%
South AfricaSecondCape Town
83%
MalaysiaBiggestKuala Lumpur
83%
United KingdomSecondBirmingham
83%
NetherlandsSecondRotterdam
83%
VietnamBiggestHo Chi Minh City
83%
EthiopiaBiggestAddis Ababa
83%
AngolaBiggestLuanda
82%
MoroccoBiggestCasablanca
82%
SerbiaBiggestBelgrade
82%
MaltaCapitalValletta
82%
UruguayBiggestMontevideo
82%
TaiwanCapitalTaipei
82%
Saudi ArabiaBiggestRiyadh
82%
NepalBiggestKathmandu
82%
EgyptSecondAlexandria
82%
BahamasBiggestNassau
81%
PakistanBiggestKarachi
81%
VietnamSecondHanoi
81%
SlovakiaBiggestBratislava
81%
EcuadorSecondQuito
81%
LiechtensteinBiggestSchaan
81%
LatviaBiggestRīga
81%
SwitzerlandSecondGeneva
81%
ArmeniaBiggestYerevan
80%
LebanonBiggestBeirut
80%
MoroccoCapitalRabat
80%
BelgiumBiggestAntwerp
80%
DjiboutiBiggestDjibouti
80%
MongoliaBiggestUlaanbaatar
80%
HaitiBiggestPort-au-Prince
80%
CambodiaBiggestPhnom Penh
80%
CyprusCapitalNicosia
80%
GeorgiaBiggestTbilisi
79%
SloveniaBiggestLjubljana
79%
LithuaniaBiggestVilnius
79%
GuatemalaBiggestGuatemala City
78%
Congo (Democratic Republic)BiggestKinshasa
78%
GhanaBiggestAccra
78%
JordanBiggestAmman
78%
IrelandSecondCork
78%
SenegalBiggestDakar
78%
KazakhstanSecondAstana
78%
SomaliaBiggestMogadishu
77%
LibyaBiggestTripoli
77%
Sri LankaBiggestColombo
77%
Costa RicaBiggestSan José
77%
MacedoniaBiggestSkopje
77%
LebanonSecondTripoli
77%
ParaguayBiggestAsunción
77%
PolandSecondKrakow
77%
YemenBiggestSana'a
76%
LiechtensteinSecondVaduz
76%
SudanSecondKhartoum
75%
KosovoBiggestPriština
75%
BahrainBiggestManama
75%
Congo (Republic)BiggestBrazzaville
75%
Dominican RepublicBiggestSanto Domingo
75%
Sierra LeoneBiggestFreetown
74%
MoldovaBiggestChișinău
74%
NigeriaCapitalAbuja
74%
OmanCapitalMuscat
74%
ZimbabweBiggestHarare
73%
Guinea-BissauBiggestBissau
73%
Saint Vincent and the GrenadinesSecondGeorgetown
72%
KyrgyzstanBiggestBishkek
72%
NamibiaBiggestWindhoek
72%
BhutanBiggestThimphu
72%
MalaysiaSecondGeorge Town
72%
MontenegroBiggestPodgorica
72%
TanzaniaBiggestDar es Salaam
72%
GuyanaSecondGeorgetown
72%
MaldivesBiggestMale'
71%
JamaicaSecondPortmore
71%
LaosBiggestVientiane
71%
Papua New GuineaBiggestPort Moresby
70%
ColombiaSecondMedellín
70%
BelizeSecondBelmopan
70%
HondurasBiggestTegucigalpa
70%
East TimorBiggestDili
70%
Trinidad and TobagoCapitalPort of Spain
69%
MadagascarBiggestAntananarivo
69%
South SudanBiggestJuba
69%
ChadBiggestN'Djamena
69%
UzbekistanBiggestTashkent
69%
NicaraguaBiggestManagua
69%
Burkina FasoBiggestOuagadougou
69%
Sao Tome and PrincipeBiggestSao Tome
69%
Antigua and BarbudaBiggestSaint John's
68%
CameroonSecondYaoundé
68%
SyriaBiggestAleppo
68%
BruneiBiggestBandar Seri Begawan
68%
UgandaBiggestKampala
67%
MozambiqueBiggestMaputo
67%
NorwaySecondBergen
67%
TurkmenistanBiggestAshgabat
67%
ZambiaBiggestLusaka
67%
PakistanSecondLahore
67%
LiberiaBiggestMonrovia
67%
TanzaniaCapitalDodoma
67%
SurinameBiggestParamaribo
67%
GabonBiggestLibreville
67%
BotswanaBiggestGaborone
67%
FijiSecondSuva
67%
SwedenSecondGothenburg
67%
BarbadosBiggestBridgetown
67%
TajikistanBiggestDushanbe
66%
MaliBiggestBamako
66%
GuineaBiggestConakry
66%
NigerBiggestNiamey
66%
BelizeBiggestBelize City
65%
SeychellesBiggestVictoria
65%
South KoreaSecondBusan
65%
RwandaBiggestKigali
65%
BeninCapitalPorto-Novo & Cotonou
65%
Côte d'IvoireBiggestAbidjan
64%
Cape VerdeBiggestPraia
64%
TogoBiggestLomé
64%
KazakhstanBiggestAlmaty
64%
GrenadaBiggestSaint George's
63%
MyanmarBiggestYangon
63%
Saudi ArabiaSecondJeddah
63%
GreeceSecondThessaloníki
63%
SamoaBiggestApia
62%
MauritaniaBiggestNouakchott
62%
MauritiusBiggestPort Louis
62%
EritreaBiggestAsmara
62%
Central African RepublicBiggestBangui
62%
GambiaCapitalBanjul
60%
BeninSecondPorto-Novo
60%
Côte d'IvoireCapitalYamoussoukro
59%
AustriaSecondGraz
59%
CroatiaSecondSplit
59%
MyanmarCapitalNaypyidaw
59%
BelgiumSecondGhent
58%
DominicaBiggestRoseau
58%
Sri LankaCapitalSri Jayawardenepura Kotte
57%
SwazilandBiggestMbabane
57%
MoroccoSecondFès
57%
MalawiBiggestLilongwe
57%
Equatorial GuineaSecondMalabo
56%
LesothoBiggestMaseru
55%
ComorosBiggestMoroni
55%
BangladeshSecondChittagong
55%
BurundiBiggestBujumbura
54%
Czech RepublicSecondBrno
54%
Saint LuciaBiggestCastries
54%
KenyaSecondMombasa
53%
Saint Kitts and NevisBiggestBasseterre
52%
JapanSecondYokohama
52%
NauruCapitalYaren
52%
KiribatiBiggestSouth Tarawa
52%
VanuatuBiggestPort Vila
52%
EcuadorBiggestGuayaquil
51%
Solomon IslandsBiggestHoniara
51%
BeninBiggestCotonou
51%
MicronesiaSecondPalikir
50%
TongaBiggestNuku'alofa
50%
PalauCapitalNgerulmud
49%
TuvaluSecondFunafuti
49%
DenmarkSecondAarhus
48%
ArgentinaSecondCórdoba
48%
Marshall IslandsCapitalMajuro
47%
NigeriaSecondKano
47%
IndonesiaSecondSurabaya
46%
AlgeriaSecondOran
45%
BurundiSecondGitega
44%
UkraineSecondKharkiv
43%
BoliviaBiggestSanta Cruz
39%
RomaniaSecondCluj-Napoca
39%
CameroonBiggestDouala
39%
VenezuelaBiggestMaracaibo
39%
LibyaSecondBenghazi
39%
LithuaniaSecondKaunas
38%
YemenSecondAden
38%
PhilippinesSecondCebu
37%
BulgariaSecondPlovdiv
36%
SerbiaSecondNovi Sad
35%
IraqSecondBasra
35%
ChileSecondValparaíso
35%
CyprusBiggestLimassol
33%
AlbaniaSecondDurrës
32%
MyanmarSecondMandalay
31%
HungarySecondDebrecen
30%
FinlandSecondEspoo
30%
SloveniaSecondMaribor
29%
SlovakiaSecondKošice
27%
MoldovaSecondTiraspol
27%
UzbekistanSecondSamarqand
26%
Congo (Democratic Republic)SecondLubumbashi
25%
BelarusSecondHomel'
25%
Bosnia and HerzegovinaSecondBanja Luka
25%
EstoniaSecondTartu
24%
GhanaSecondKumasi
24%
TaiwanSecondKaohsiung
23%
AfghanistanSecondHerāt
22%
CambodiaSecondSiĕm Réab
22%
TunisiaSecondṢafāqis
22%
LatviaSecondDaugavpils
21%
HondurasSecondSan Pedro Sula
20%
United Arab EmiratesSecondSharjah
20%
TaiwanBiggestNew Taipei City
18%
PeruSecondArequipa
18%
BoliviaSecondEl Alto
17%
NicaraguaSecondLeón
16%
KyrgyzstanSecondOsh
16%
Congo (Republic)SecondPointe-Noire
16%
LuxembourgSecondEsch-sur-Alzette
16%
ZimbabweSecondBulawayo
15%
MalawiSecondBlantyre
15%
GeorgiaSecondBatumi
15%
Equatorial GuineaBiggestBata
15%
SudanBiggestOmdurman
14%
PalauBiggestKoror
14%
SomaliaSecondHargeisa
13%
MaltaSecondMosta
13%
MaltaBiggestBirkirkara
13%
AzerbaijanSecondGanja
12%
BahamasSecondFreeport
12%
MexicoSecondEcatepec de Morelos
12%
NepalSecondPokharā
11%
MicronesiaBiggestWeno
11%
KosovoSecondPrizren
11%
AngolaSecondHuambo
10%
IcelandSecondKópavogur
9%
BotswanaSecondFrancistown
9%
Burkina FasoSecondBobo-Dioulasso
9%
AndorraSecondEscaldes-Engordany
9%
North KoreaSecondHamhŭng
9%
UruguaySecondSalto
9%
ParaguaySecondCiudad del Este
9%
ArmeniaSecondGyumri
8%
TurkmenistanSecondTürkmenabat
8%
MontenegroSecondNikšić
8%
Papua New GuineaSecondLae
8%
MauritaniaSecondNouadhibou
6%
TanzaniaSecondMwanza
6%
SwazilandSecondManzini
5%
Côte d'IvoireSecondBouaké
5%
GabonSecondPort-Gentil
5%
SenegalSecondTouba
5%
BahrainSecondAl-Muḥarraq
5%
Antigua and BarbudaSecondAll Saints
5%
MacedoniaSecondKumanovo
5%
Trinidad and TobagoBiggestChaguanas
5%
BarbadosSecondSpeightstown
5%
South SudanSecondWau
4%
Trinidad and TobagoSecondSan Fernando
4%
Central African RepublicSecondBimbo
4%
VanuatuSecondLuganville
3%
MongoliaSecondĖrdėnėt
3%
San MarinoBiggestBorgo Maggiore
3%
ThailandSecondNonthaburi
3%
NamibiaSecondRundu
3%
GuyanaBiggestLinden
3%
JordanSecondZarqa
3%
ZambiaSecondKitwe
3%
HaitiSecondCarrefour
3%
ChadSecondMoundou
3%
FijiBiggestNasinu
2%
Saint Kitts and NevisSecondCharlestown
2%
MaliSecondSikasso
2%
NigerSecondMaradi
2%
DominicaSecondPortsmouth
2%
TajikistanSecondKhujand
2%
LaosSecondSavannakhet
2%
GambiaBiggestBrikama
2%
MauritiusSecondVacoas-Phoenix
2%
MozambiqueSecondMatola
2%
BruneiSecondKuala Belait
2%
KiribatiSecondKiritimati
2%
DjiboutiSecondAli-Sabieh
1%
LiberiaSecondGbarnga
1%
Costa RicaSecondHeredia
1%
Cape VerdeSecondMindelo
1%
OmanBiggestSeeb
1%
MadagascarSecondTamatave
1%
CyprusSecondStróvolos
1%
NauruBiggestMeneng
1%
NauruSecondAiwo
1%
Marshall IslandsBiggestEbeye
1%
El SalvadorBiggestSoyapango
1%
UgandaSecondNansana
1%
Guinea-BissauSecondGabú
1%
East TimorSecondBaucau
1%
RwandaSecondGisenyi
1%
Sao Tome and PrincipeSecondTrindade
1%
TongaSecondNeiafu
1%
GuineaSecondNzérékoré
1%
QatarBiggestAr-Rayyān
1%
IranSecondMeshed
1%
GuatemalaSecondVilla Nueva
1%
Sierra LeoneSecondKenema
1%
San MarinoSecondDomagnano
1%
GambiaSecondBundunka Kunda
0%
Sri LankaSecondKaduwela
0%
ComorosSecondMutsamudu
0%
BhutanSecondChhukha
0%
SeychellesSecondAnse Volbert
0%
SurinameSecondKoewarasan
0%
Saint LuciaSecondBexon
0%
Marshall IslandsSecondDarrit
0%
SamoaSecondVaitele
0%
New ZealandSecondManukau
0%
EthiopiaSecondNazret
0%
MaldivesSecondHulhumale'
0%
EritreaSecondDebub
0%
KuwaitBiggestAl Ahmadi
0%
KuwaitSecondḨawallī
0%
OmanSecondBawshar
0%
PalauSecondAirai
0%
PanamaSecondSan Miguelito
0%
TuvaluBiggestSenala
0%
LesothoSecondTeyateyaneng
0%
Solomon IslandsSecondTandai
0%

Score Distribution

Percentile by Number Answered

Percent of People with Each Score

Your Score History

You have not taken this quiz since the last reset